000 00722 a2200205 4500
020 _a0195686241
_c425.00
035 _aB-211486
037 _bRP-L-252 / UBH-07-08:6 / RP-07-08:ENG
082 1 4 _a621.3815
090 _c5094
_d5094
100 1 _aSedra, Adel S.
245 1 _aMicroelectronic circuits
_cby Adel S. Sedra (and) Kenneth C. Smith
250 _a5th ed
260 _aNew Delhi
_bOxford University Press
_c2006
270 _aYMCA Library Building, Jai Singh Road,
_bNew Delhi
_cDelhi
_e110001
300 _aVarious pagings
_c24 cm (pbk)
_e1 CD-ROM
700 _aSmith, Kenneth C.
942 _adpl
_cEN
_k621.3815 / SED
999 _c4997
_d4997